000 00444nam a2200133 4500
999 _c13988
_d13988
008 190724b ||||| |||| 00| 0 eng d
082 _aDPer 050 T48 Apr-June 2016 v. 187 n. 12-24
100 _aKerry, John.
_938932
245 _aLeonardo DiCaprio:
_bEarth's leading man/
_cJohn Kerry.
260 _aHong Kong:
_bTime Asia,
_cc2016.
300 _av187 n16-17, page 88:
_billustrations;
_c27 cm.
650 _aActors.
_938912
942 _2ddc
_cPER